Business Ethics : A Real Word Approach (Record no. 2775)

MARC details
005 - DATE AND TIME OF LATEST TRANSACTION
control field 20250528131357.0
020 ## - INTERNATIONAL STANDARD BOOK NUMBER
International Standard Book Number 978-0-07-340304-5
082 ## - DEWEY DECIMAL CLASSIFICATION NUMBER
Classification number 174.4 GHI
100 ## - MAIN ENTRY--PERSONAL NAME
Author name GHILLYER, A.
245 ## - TITLE STATEMENT
Title Business Ethics : A Real Word Approach
260 ## - PUBLICATION, DISTRIBUTION, ETC.
Place of publication, distribution, etc. New York,
Name of publisher, distributor, etc. Mcgraw-Hill Irwin,
Date of publication, distribution, etc. 2008.
300 ## - PHYSICAL DESCRIPTION
Extent xx, 287p.: Ill.;pictures & table.
Other physical details Glossary & Index
Dimensions 25cm.
942 ## - ADDED ENTRY ELEMENTS (KOHA)
Source of classification or shelving scheme Dewey Decimal Classification
Koha item type Books
Holdings
Date last seen Total checkouts Full call number Barcode Cost, replacement price Price effective from Koha item type Lost status Source of classification or shelving scheme Damaged status Not for loan Withdrawn status Home library Current library Shelving location Date acquired Cost, normal purchase price
05/28/2025   174.4 GHI 00000010356 75000.00 05/28/2025 Books   Dewey Decimal Classification       College of Business Education Main Library College of Business Education Main Library Special Reserve Collection 11/28/2014 25000.00